ਕੁਝ ਅਾਮ ਬਿਮਾਰੀਆਂ / (Record no. 111160)

MARC details
000 -LEADER
fixed length control field 00941nam a22002297a 4500
010 ## - LIBRARY OF CONGRESS CONTROL NUMBER
LC control number A-824775
020 ## - INTERNATIONAL STANDARD BOOK NUMBER
International Standard Book Number 8123710690
Terms of availability 25.00
035 ## - SYSTEM CONTROL NUMBER
System control number A-824775
037 ## - SOURCE OF ACQUISITION
Stock number Cen Lib / Ret
040 ## - CATALOGING SOURCE
Original cataloging agency DPL
Language of cataloging PN
082 ## - DEWEY DECIMAL CLASSIFICATION NUMBER
Classification number 616
Item number ਅਗਰ
100 ## - MAIN ENTRY--PERSONAL NAME
Personal name ਅਗਰਵਾਲ, ਅਨੀਲ
9 (RLIN) 133694
245 ## - TITLE STATEMENT
Title ਕੁਝ ਅਾਮ ਬਿਮਾਰੀਆਂ /
Statement of responsibility, etc ਅਨੀਲ ਅਗਰਵਾਲ ; ਅਨੁਵਾਦਕ ਜਸਵੰਤ ਗਿੱਲ
246 ## - VARYING FORM OF TITLE
Title proper/short title Kujha ama bimariaṃ /
Remainder of title by Anil Agrawal ; translated Jaswant Singh
260 ## - PUBLICATION, DISTRIBUTION, ETC. (IMPRINT)
Place of publication, distribution, etc ਨਵੀ ਦਿੱਲੀ
Name of publisher, distributor, etc ਨੈਸ਼ਨਲ਼ ਬੂਕ ਟਰੱਸਟ ਇੰਡੀਆ
Date of publication, distribution, etc 1993
270 ## - ADDRESS
Address ਏ-5, ਗ੍ਰੀਨ ਪਾਰਕ,
City ਨਵੀ ਦਿੱਲੀ
Postal code 110016
300 ## - PHYSICAL DESCRIPTION
Extent 88p ;
Other physical details 24cm
650 ## - SUBJECT ADDED ENTRY--TOPICAL TERM
Topical term or geographic name as entry element Diseases
9 (RLIN) 14215
650 ## - SUBJECT ADDED ENTRY--TOPICAL TERM
Topical term or geographic name as entry element ਰੋਗ.
9 (RLIN) 133695
700 ## - ADDED ENTRY--PERSONAL NAME
Personal name ਗਿੱਲ, ਜਸਵੰਤ
9 (RLIN) 133696
942 ## - ADDED ENTRY ELEMENTS (KOHA)
Source of classification or shelving scheme Dewey Decimal Classification
Koha item type Punjabi Bks
Classification part 616
Call number suffix ਅਗਰ
Holdings
Withdrawn status Lost status Damaged status Not for loan Home library Current library Date acquired Source of acquisition Cost, normal purchase price Total Checkouts Full call number Barcode Date last seen Copy number Cost, replacement price Price effective from Koha item type
        Central Library Central Library 15/02/2016 Cen Lib/Ret 25.00   616 ਅਗਰ A-824775 15/02/2016 1 25.00 15/02/2016 Punjabi Bks

© Delhi Public Library
Hit Counter
free hit counter